Legendäre Karten in Clash Royale - Statistiken

Allgemein
  • Dieses Quiz wurde 214 mal gespielt
    197 seit der letzten Aktualisierung
  • Das Durchschnittsergebnis liegt bei 14 aus 21
Antwortstatistiken
Hint Antwort % Korrekt
7 Elixier Megaritter
96%
2 Elixier Kampfholz
95%
3 Elixier Eismagier
86%
4 Elixier Elektromagier
84%
3 Elixier Prinzessin
80%
6 Elixier Funki
78%
7 Elixier Lavahund
76%
4 Elixier Holzfäller
75%
4 Elixier Infernodrache
75%
3 Elixier Banditin
69%
5 Elixier Friedhof
69%
3 Elixier Königsgeist
66%
4 Elixier Nachthexe
64%
3 Elixier Tunnelgräber
63%
4 Elixier Magieschütze
59%
4 Elixier Hexenmutter
58%
3 Elixier Fischer
54%
6 Elixier Geisterkaiserin
50%
5 Elixier Widderreiterin
49%
4 Elixier Phönix
43%
5 Elixier Koboldmaschine
35%
Keine übereinstimmenden Quizze gefunden
Verteilung der Resultate
Anzahl Personen mit jedem Resultat
Perzentil nach korrekt beantworteten Fragen
Ihre Resultats-Entwicklung
Sie haben dieses Quiz seit der letzten Aktualisierung nicht gespielt